To some aspects of ESP translation

Salvato in:
Dettagli Bibliografici
Autore principale: Radvanská, Katarína
Natura: Capitolo di libro
Lingua:inglese
Soggetti:
Tags: Aggiungi Tag
Nessun Tag, puoi essere il primo ad aggiungerne!!

MARC

LEADER 00000naa$a2200000$$$4500
001 0015117
005 20240502071401.0
041 0 |a eng 
044 |a SK 
245 1 0 |a To some aspects of ESP translation  |c Katarína Radvanská 
610 2 0 |a jazyky cudzie 
610 2 0 |a odbornosť 
610 2 0 |a prekladatelia 
610 2 0 |a metódy 
100 1 |a Radvanská, Katarína